000 00732cam a22002533a 4500
001 20853
003 PGUSA
005 20140828083438.0
008 070320s2007||||xxu|||||s|||||000 | eng d
040 _aPGUSA
_beng
042 _adc
050 4 _aPZ
100 1 _aHolbrook, Florence,
_d1860-1932
245 1 0 _aNorthland Heroes
_h[electronic resource] /
_cFlorence Holbrook
260 _bProject Gutenberg,
_c2007
505 0 _aThe story of Fridtjof -- The story of Beowulf.
506 _aPublic domain in the USA.
516 _aElectronic text
653 _aSagas -- Adaptations
653 _aBeowulf -- Adaptations
830 0 _aProject Gutenberg
_v20853
856 4 0 _uhttp://www.gutenberg.org/ebooks/20853
942 _cEB
999 _c250108
_d250108